[Event "19th Bangkok Open 2019"]
[Site "Bangkok"]
[Date "2019.04.08"]
[Round "3.12"]
[White "Eng, Jia Qian"]
[Black "Vijayalakshmi, Subbaraman"]
[Result "0-1"]
[WhiteElo "2033"]
[BlackElo "2345"]
[Annotator "TA"]
[PlyCount "112"]
[EventDate "2019.04.06"]
[EventType "swiss"]
[EventCountry "THA"]
[SourceTitle "playchess.com"]
[Source "ChessBase"]
[SourceQuality "1"]

{[%evp 15,112,41,37,30,41,37,38,26,38,20,21,19,26,39,40,29,76,66,65,72,54,72,95,81,95,98,167,132,151,142,141,138,202,149,144,162,157,139,162,167,182,181,170,175,333,331,484,483,466,282,290,292,278,96,104,55,810,-72,-77,-114,-113,-113,-110,-110,-110,-110,-113,-116,-114,-105,-105,-114,-111,-103,-113,-131,-128,-127,-129,-116,-120,-124,-126,-252,-234,-247,-229,-686,-686,-12816,-12608,-12818,-10605,-12793,-8971,-8189,-7034,-12812,-10997]} 1. d4 Nf6 2. c4 {[%cal Bc2c4,Bc4d5][%mdl 32]} e6 3. g3 c5 4. d5 exd5 5. cxd5 d6 6. Nf3 b5 7. Bg2 Bb7 {A60: Modern Benoni: Early Divergences} (7... g6 8. O-O Bg7 9. e4 O-O 10. Re1 Re8 11. e5 dxe5 12. Nxe5 Bb7 13. Nc6 Rxe1+ 14. Qxe1 Qd7 15. Ne5 {0-1 (32) Li,C (2751)-Ivanchuk,V (2710) Huaian 2016}) 8. e4 Be7 {LiveBook: 3 Games} 9. Qc2 $146 ({Predecessor:} 9. O-O O-O 10. Re1 Re8 11. a4 b4 12. Nbd2 a5 13. Nc4 Nbd7 14. Nfd2 Bf8 {1-0 (37) Mikhalevski,V (2590)-Smith,B (2386) Philadelphia 2007}) 9... O-O {White has an edge.} 10. O-O Nbd7 11. a4 a6 12. Nc3 b4 13. Nd1 a5 14. Ne3 Ba6 15. Rd1 b3 16. Qxb3 Nxe4 17. Qc2 Nef6 18. Bd2 Re8 19. Bc3 $1 Bf8 20. Nd2 $1 Rb8 (20... g6 $16) 21. Ndc4 Rb4 22. Bxb4 cxb4 23. Nf5 {[%cal Be3f5,Bf5d4,Bd4c6][%mdl 32]} Nc5 (23... Qc8 $16) 24. Rac1 {Strongly threatening Ncxd6.} Bxc4 25. Qxc4 Nxa4 26. Re1 g6 27. Nd4 $1 Bh6 28. Ra1 Rxe1+ 29. Rxe1 Bd2 $2 (29... Nc5 {might work better.} 30. Qb5 a4) 30. Nc6 $18 Qb6 (30... Qf8 $142) 31. Re2 Bh6 32. Qh4 Kg7 33. Re7 {Hoping for Nd4.} Nc5 34. Bh3 $2 (34. Qd4 $18 {has better winning chances.}) 34... Nd3 35. Nd4 {Ne6+ would kill now.} Ng8 $2 {[%mdl 8192]} (35... Bg5 $14 36. Ne6+ (36. Qxg5 Qxd4 37. Qe3 Qxe3 $15) 36... Kg8) 36. Rd7 $2 {[#]} (36. Ne6+ $18 Kh8 37. Rxf7) 36... Ne5 $1 $17 {[%cal Re5d7]} 37. Ne6+ ({Don't blunder} 37. Rd8 $2 Nf6 $19) 37... Kh8 38. Qd4 Qxd4 39. Nxd4 Nxd7 40. Bxd7 {[%mdl 4096] Endgame KBN-KBN} Bg7 41. Nb3 Bxb2 42. Nxa5 Nf6 43. Bc6 Bd4 44. Kf1 Ne4 45. f3 Nc5 46. Ke2 b3 {[%cal Bb4b3,Bb3b2][%mdl 32] ( -> ...b2)} 47. Kd1 b2 48. Kc2 {[#]} Nd3 $1 {[%mdl 512]} 49. Nc4 {[#]} (49. Kb1 $17 {was called for.}) (49. Kxd3 b1=Q+) 49... Ne1+ $1 $19 50. Kb1 Nxf3 51. Nxb2 $2 (51. h4) 51... Bxb2 {Black is clearly winning.} 52. Kxb2 Nxh2 {KB-KN} 53. Bb5 Ng4 54. Kc3 Kg7 55. Kd3 f5 56. Ke2 Kf6 {Precision: White = 55%, Black = 62%.} 0-1

[Event "19th Bangkok Open 2019"]
[Site "Bangkok"]
[Date "2019.04.09"]
[Round "4.1"]
[White "Gustafsson, Jan"]
[Black "Schebler, Gerhard"]
[Result "1-0"]
[WhiteElo "2633"]
[BlackElo "2385"]
[Annotator "TA"]
[PlyCount "69"]
[EventDate "2019.04.06"]
[EventType "swiss"]
[EventCountry "THA"]
[SourceTitle "playchess.com"]
[Source "ChessBase"]
[SourceQuality "1"]

{[%evp 21,69,36,38,26,46,39,67,66,73,72,68,64,67,62,70,70,64,74,78,61,74,84,78,50,101,105,97,69,106,84,85,51,81,77,99,88,93,70,100,93,108,101,125,121,135,137,168,160,162,180]} 1. d4 Nf6 2. c4 e6 3. Nf3 Bb4+ 4. Nbd2 b6 5. a3 Bxd2+ 6. Qxd2 Bb7 7. e3 O-O 8. Be2 d6 9. O-O Nbd7 10. b4 Qe7 11. Bb2 a5 12. Qc2 {E14: Queen's Indian: Classical Variation (4 e3)} axb4 13. axb4 Rxa1 14. Rxa1 {White is slightly better.} Ra8 15. Rxa8+ Bxa8 {[#]} 16. Qa4 $146 (16. Nd2 c5 17. Qa4 Qd8 18. Qa3 {1-0 (39) Korobov,A (2652)-Andersson,U (2523) Sanem 2017}) 16... Qd8 17. Nd2 Bb7 18. f3 c5 19. Nb3 h6 20. Ba3 {[%cal Rd4c5]} cxd4 21. exd4 Qc8 {next ...b5! is good for Black.} 22. Nd2 (22. b5 {seems wilder.} Qc7 23. Qb4 Ne8 24. Bd3 Qd8 25. Qc3) 22... Qa8 (22... h5 $14) 23. Qxa8+ $16 Bxa8 24. Kf2 Ne8 25. Ke3 Kf8 26. Nb1 Ke7 27. Nc3 Kd8 28. h4 Bb7 29. Bd3 Ba6 30. g4 g6 31. Bc1 Ndf6 32. Be2 h5 33. Kf4 {White is clearly better.} Bc8 34. Be3 Bd7 35. b5 {Accuracy: White = 60%, Black = 20%.} 1-0

[Event "19th Bangkok Open 2019"]
[Site "Bangkok"]
[Date "2019.04.09"]
[Round "4.2"]
[White "Sengupta, Deep"]
[Black "Sriram, Jha"]
[Result "1/2-1/2"]
[WhiteElo "2551"]
[BlackElo "2381"]
[Annotator "TA"]
[PlyCount "71"]
[EventDate "2019.04.06"]
[EventType "swiss"]
[EventCountry "THA"]
[SourceTitle "playchess.com"]
[Source "ChessBase"]
[SourceQuality "1"]

{[%evp 17,71,8,31,9,22,-16,-8,-16,-13,-15,-8,-14,-12,-16,-17,-10,13,-8,-6,-30,7,-6,-7,-19,0,4,14,0,0,0,0,0,0,0,0,0,23,2,39,0,40,0,42,-45,-45,-99,-95,-112,-62,-128,-62,-62,-37,-63,-62,-84]} 1. e4 e5 2. Nc3 Nc6 3. Bc4 Nf6 4. d3 Na5 5. Nge2 Be7 6. Ng3 Nxc4 7. dxc4 d6 8. b3 O-O 9. O-O c6 10. Qe2 {C28: Vienna Game: 2...Nf6 3 Bc4 Nc6} (10. a4 Qa5 11. Qe1 Qc7 12. Ba3 a6 13. Qe2 Bg4 14. Qe3 Rfe8 15. h3 Be6 16. Rfd1 Rad8 17. Rd3 d5 18. Bxe7 Rxe7 19. exd5 cxd5 20. cxd5 Nxd5 21. Nxd5 Rxd5 22. Rxd5 Bxd5 {½-½ (37) Rublevsky,S (2692)-Predke,A (2535) Sochi 2016}) 10... Bg4 $146 ({Predecessor:} 10... Re8 11. Bb2 Qc7 12. Rad1 Be6 13. Rfe1 Rad8 14. Nf1 {½-½ (26) Bousum,J-Mathur,R (2089) Indianapolis 2016}) 11. f3 Be6 12. Rd1 {The position is equal.} Qa5 13. Bb2 Rfe8 14. Kh1 Rad8 15. a4 Bf8 16. Rd3 a6 17. Qe1 Qc7 18. Rad1 Nd7 (18... b5 $5 19. axb5 (19. cxb5 d5 $14) 19... axb5 $14) 19. Ba3 {[%cal Ra3d6]} Nc5 $1 {[%cal Rc5d3]} 20. R3d2 a5 21. Nf5 b6 22. Qh4 f6 23. g4 Rd7 24. Ne3 g6 25. Rg2 Rg7 26. Bc1 Be7 27. Qg3 Bc8 28. Nf1 Ne6 29. Be3 Bd8 30. Rgd2 {[#]} (30. Bh6 $14) 30... f5 $1 $15 {[%cal Rf5f4][%mdl 512] Strongly threatening ...f4.} 31. Qg2 (31. Bh6 $15 f4 32. Qg2) (31. exf5 gxf5) 31... f4 32. Bf2 Be7 33. Qg1 ({White should play} 33. h4 $15) 33... Nc5 (33... h5 $17 34. Bxb6 Qb7) 34. h4 {Black is slightly better.} Be6 35. Nh2 h6 36. Qf1 {Accuracy: White = 36%, Black = 48%.} 1/2-1/2

[Event "19th Bangkok Open 2019"]
[Site "Bangkok"]
[Date "2019.04.09"]
[Round "4.3"]
[White "Vijayalakshmi, Subbaraman"]
[Black "Zhao, Zong-Yuan"]
[Result "1/2-1/2"]
[WhiteElo "2345"]
[BlackElo "2529"]
[Annotator "TA"]
[PlyCount "96"]
[EventDate "2019.04.06"]
[EventType "swiss"]
[EventCountry "THA"]
[SourceTitle "playchess.com"]
[Source "ChessBase"]
[SourceQuality "1"]

{[%evp 9,96,0,3,0,0,0,56,56,53,47,49,11,103,79,121,129,138,137,121,33,45,45,48,27,0,0,12,28,56,40,19,39,68,54,35,18,205,201,173,149,139,39,200,0,0,0,0,0,0,0,0,0,0,0,0,0,0,0,4,0,20,0,20,20,20,20,20,20,20,20,20,20,20,20,20,20,20,0,0,0,0,0,0,0,0,0,0,0,0]} 1. d4 Nf6 2. Nf3 d5 3. Bf4 Bf5 4. c4 e6 5. Nc3 Bb4 6. Qa4+ {D06: Queen's Gambit: Symmetrical and Baltic Defences} Nc6 7. Ne5 O-O (7... Rb8 $1 $11) 8. Nxc6 $14 {White is slightly better.} Bxc3+ $1 9. bxc3 bxc6 10. f3 $146 ({Predecessor:} 10. Qxc6 Qb8 11. Qb5 dxc4 12. Qxb8 Rfxb8 13. Bxc7 {½-½ (27) Buhmann,R (2653)-Nisipeanu,L (2674) Dortmund 2016}) 10... Rb8 (10... Qb8 $11) 11. g4 Bg6 {[#]} 12. h4 $1 h5 13. g5 (13. Qxc6 $6 hxg4 14. Qxc7 Qxc7 $11) 13... Nd7 14. Qxa7 (14. Qxc6 $16 Rb6 15. Qa4 (15. Qxc7 Qxc7 16. Bxc7 Rc6 $16)) 14... e5 15. dxe5 Ra8 16. Qb7 Qe7 17. Qxc7 {Strongly threatening Bh3.} Qa3 {Threatens to win with ...Ra7.} 18. Kf2 Nc5 $1 {[%cal Rc5e6] Hoping for ...Ne6.} 19. Bh3 $1 Qb2 20. Qxc6 Nd3+ $1 {[%mdl 64] Double Attack} 21. Kg3 $1 Nxf4 ({Don't blunder} 21... Qxe2 $2 22. Rh2 $18) 22. Kxf4 dxc4 $2 (22... d4 $11 {and Black has nothing to worry.}) 23. Qxc4 $18 Rfe8 24. Kg3 Rxe5 25. e4 (25. Qb4 $16 Qxe2 {[#]} 26. Rae1 $1 {[%mdl 512]} Qxe1+ 27. Rxe1 Rxe1 28. a4) 25... Qa3 $2 (25... Qb8 $1 $14 26. Kf2 (26. Kg2 Qb2+ 27. Kg3 Qb8 $14) 26... Rxe4 27. Qc8+ (27. fxe4 Qf4+ 28. Kg1 Qe3+ 29. Kh2 Qf4+ 30. Kg1 Qe3+ 31. Kh2 Qf4+ 32. Kg1 $11) 27... Qxc8 28. Bxc8 Rc4) 26. Rhd1 $2 (26. Qd4 $18 Qa5 27. Rhd1) 26... Rc5 $11 {The position is equal.} 27. Qb4 Rxc3 28. Qxa3 Raxa3 29. Bg2 {Kf4 is the strong threat.} Bxe4 $1 30. Rac1 Rxc1 31. Rxc1 {[%mdl 4096] Endgame KRB-KRB} Bf5 32. Ra1 Be6 33. Kf4 g6 34. Bf1 Kg7 (34... Kf8 {with more complications.} 35. Ke5 Ke7 36. f4 Re3+ 37. Kd4 Ra3) 35. Ke4 (35. Ke5 {is interesting.} Bb3 36. f4 Ra5+ 37. Kd6 f6 38. a4) 35... Rxa2 36. Rxa2 Bxa2 {KB-KB} 37. Ke5 Be6 38. Bd3 Bh3 39. f4 Bg4 40. Bb5 Bh3 41. Be2 Bg4 42. Bd3 Bh3 43. f5 Bxf5 44. Bxf5 gxf5 45. Kxf5 Kg8 46. Kf6 Kf8 47. g6 fxg6 48. Kxg6 Kg8 {Accuracy: White = 46%, Black = 66%.} 1/2-1/2

[Event "19th Bangkok Open 2019"]
[Site "Bangkok"]
[Date "2019.04.09"]
[Round "4.4"]
[White "Stella, Andrea"]
[Black "Bellon Lopez, Juan Manuel"]
[Result "1/2-1/2"]
[WhiteElo "2512"]
[BlackElo "2343"]
[Annotator "TA"]
[PlyCount "105"]
[EventDate "2019.04.06"]
[EventType "swiss"]
[EventCountry "THA"]
[SourceTitle "playchess.com"]
[Source "ChessBase"]
[SourceQuality "1"]

{[%evp 13,105,4,19,7,14,14,16,16,52,46,39,39,62,61,60,59,67,67,52,60,98,91,93,96,94,24,30,34,62,59,63,64,65,63,63,65,58,47,55,16,16,16,18,16,16,16,16,16,16,16,16,14,29,29,29,7,7,8,8,8,8,8,8,8,8,8,8,8,8,8,8,8,48,48,48,48,48,48,78,94,135,135,135,135,135,135,135,0,48,48,48,48,135,48]} 1. d4 Nf6 2. c4 a6 3. Nc3 c5 4. Nf3 cxd4 5. Nxd4 e6 6. e3 d5 {A32: Symmetrical English: 2 Nf3 Nf6 3 d4 cxd4 4 Nxd4 e6} 7. cxd5 (7. Be2 dxc4 8. Bxc4 Bd6 9. Be2 O-O 10. O-O e5 11. Nb3 e4 12. Nd2 Qc7 13. Ndxe4 Nxe4 14. Nxe4 Bxh2+ {0-1 (70) Bu,X (2705)-Yu,Y (2729) Doha 2016}) 7... Nxd5 {LiveBook: 3 Games} 8. Bd2 Be7 {The position is equal.} 9. Be2 O-O 10. Nxd5 $146 ({Predecessor:} 10. O-O e5 11. Nf3 Nc6 12. Nxd5 Qxd5 13. Bc3 Qe6 14. Qc2 {0-1 (52) Lamikhov,J (1830)-Muslimov,E (2130) Saratov 2009}) 10... exd5 11. O-O Nc6 12. Bc3 Bf6 13. Rc1 Re8 14. Qd2 Bd7 15. Rfd1 Nxd4 16. Bxd4 Bc6 17. Bf3 Be5 18. Bxe5 Rxe5 19. e4 ({White should try} 19. g3 $16) 19... d4 $1 $11 20. Qxd4 Qxd4 21. Rxd4 f5 22. exf5 Rae8 {( -> ...Re1+)} 23. h4 Bxf3 24. gxf3 Rxf5 $14 {[%mdl 4096] Endgame KRR-KRR} 25. Rc7 {Threatens to win with Rdd7.} (25. Kg2 {keeps more tension.} Ref8 26. Rc3 R5f6 27. Rcd3 Rg6+ 28. Rg4) 25... Rf7 $1 {[%cal Rf7c7]} 26. Rdd7 Rxd7 27. Rxd7 $11 {KR-KR} b5 28. Ra7 Re2 29. Rxa6 {Black must now prevent b4.} Rxb2 30. Kg2 Kf7 31. Kg3 b4 32. h5 b3 33. axb3 Rxb3 34. Kg4 Rb2 35. h6 gxh6 36. Rxh6 Rxf2 37. Rxh7+ Kg6 38. Ra7 $1 Rg2+ 39. Kf4 Rb2 40. Ra6+ Kf7 41. Kg4 Rb5 42. f4 {[%cal Bf3f4,Bf4f5][%mdl 32]} Kf8 43. f5 Rb1 44. Kg5 Kg8 45. Kg6 {White wants to mate with Ra8+.} Rg1+ 46. Kf6 Rf1 47. Ra5 Rf2 48. Ra8+ Kh7 49. Rf8 Ra2 {[#]} 50. Rf7+ (50. Re8 $1 $16) 50... Kg8 51. Re7 Kf8 52. Re6 Rh2 {[#]} (52... Ra7 $1 $14) 53. Re1 {Accuracy: White = 79%, Black = 64%.} (53. Rd6 $1 $16 {[%cal Rd6d8]} Rh6+ 54. Ke5 Rxd6 55. Kxd6) 1/2-1/2

[Event "19th Bangkok Open 2019"]
[Site "Bangkok"]
[Date "2019.04.09"]
[Round "4.5"]
[White "Duong, The Anh"]
[Black "Karthik Venkataraman"]
[Result "0-1"]
[WhiteElo "2302"]
[BlackElo "2505"]
[Annotator "TA"]
[PlyCount "82"]
[EventDate "2019.04.06"]
[EventType "swiss"]
[EventCountry "THA"]
[SourceTitle "playchess.com"]
[Source "ChessBase"]
[SourceQuality "1"]

{[%evp 20,82,40,42,31,27,43,28,40,30,35,22,20,28,29,-6,-1,0,0,0,5,-7,7,0,0,0,0,-32,-27,-25,-19,-32,-23,-56,-21,-19,53,40,57,-37,0,0,0,0,0,-150,-142,-285,-264,-497,-491,-488,-489,-517,-487,-551,-531,-637,-667,-651,-647,-640,-627,-704,-685]} 1. d4 g6 2. c4 Nf6 3. Nc3 d5 4. cxd5 Nxd5 5. e4 Nxc3 6. bxc3 Bg7 7. Nf3 c5 8. Be3 Qa5 9. Qd2 O-O 10. Rc1 Bg4 11. d5 Nd7 {D85: Exchange Grünfeld: Unusual White 7th moves and lines with 7 Nf3} 12. c4 Qa3 13. Be2 Bxf3 {White has an edge.} 14. gxf3 (14. Bxf3 Bd4 15. Bxd4 cxd4 16. O-O Ne5 17. Qxd4 Nxf3+ 18. gxf3 Qxf3 19. Rc3 {0-1 (40) Kramnik,V (2783)-Grischuk,A (2792) Stavanger 2014}) 14... Bd4 15. O-O e5 16. Rb1 b6 17. f4 $146 ({Predecessor:} 17. Rb3 Qa4 18. Kh1 f5 19. Bh6 {½-½ (37) Cumming,D (2295)-Fichaud,A (2410) ICCF email 2014}) 17... exf4 18. Bxf4 Rfe8 19. Rb3 Qa4 20. Qc2 b5 21. Rc1 b4 22. Kg2 Nf6 23. Bf3 Qd7 24. Re1 Be5 25. Bg3 a5 26. Bd1 Qc7 27. Rbe3 Nd7 (27... a4 $11) 28. Qd3 $14 a4 29. d6 (29. f4 $1 $14 Bd4 30. R3e2) 29... Qc6 30. Qd5 Qa6 $1 31. Rf3 Re6 32. Bxe5 (32. Rxf7 $1 $11 Kxf7 33. Bg4) 32... Nxe5 $17 33. Qxc5 (33. Rg3 $17) 33... Qxd6 $19 ({Don't play} 33... Nxf3 34. Bxf3 Rc8 35. Qe3 $19) 34. Qd5 $2 {[#]} (34. Qxd6 {was the only defense.} Rxd6 35. Rfe3) 34... Qxd5 {Black is clearly winning.} 35. cxd5 Nxf3 36. Bxf3 {[%mdl 4096] Endgame KRR-KRB} Rb6 37. e5 b3 38. axb3 axb3 {[%cal Ba4b3,Bb3b2][%mdl 32]} 39. d6 Rc8 40. Bg4 Rcb8 41. d7 b2 {Accuracy: White = 34%, Black = 75%.} 0-1

[Event "19th Bangkok Open 2019"]
[Site "Bangkok"]
[Date "2019.04.09"]
[Round "4.6"]
[White "Ly, Moulthun"]
[Black "Neelash Saha"]
[Result "1/2-1/2"]
[WhiteElo "2490"]
[BlackElo "2303"]
[Annotator "TA"]
[PlyCount "75"]
[EventDate "2019.04.06"]
[EventType "swiss"]
[EventCountry "THA"]
[SourceTitle "playchess.com"]
[Source "ChessBase"]
[SourceQuality "1"]

{[%evp 16,75,25,15,64,48,60,52,57,57,73,66,77,61,90,99,112,110,104,106,110,68,68,68,66,70,69,73,64,60,58,0,11,4,12,-64,-54,-70,-70,-72,-68,-128,-126,-151,-93,-110,-105,-96,-8,-8,-8,-8,-5,-35,-4,-16,-16,-64,0,0,0,-29992]} 1. d4 Nf6 2. c4 c5 3. d5 e6 4. Nc3 exd5 5. cxd5 d6 6. Nf3 g6 7. h3 Bg7 8. e4 O-O 9. Bd3 Nbd7 {A70: Modern Benoni: 6 e4 g6 7 Nf3} (9... b5 10. Nxb5 Re8 11. O-O Nxe4 12. Re1 a6 13. Na3 Nf6 14. Rxe8+ Nxe8 15. Nc4 Nd7 16. Bf4 Ndf6 17. Ne3 Nh5 18. Bg5 Bf6 19. h4 Rb8 20. b3 Bxg5 21. hxg5 f6 22. gxf6 Qxf6 23. Rc1 Nc7 24. Rc4 Nf4 25. Qd2 Bd7 26. Ng4 Bxg4 27. Rxf4 Qa1+ 28. Bf1 Bxf3 29. Rxf3 Re8 30. Qf4 {1-0 (30) Mamedyarov,S (2809)-Svidler,P (2760) Moscow 2018}) 10. O-O Ne8 11. Bg5 f6 {White is slightly better.} 12. Be3 Ne5 13. Nxe5 fxe5 14. Rb1 $146 ({Predecessor:} 14. Qd2 a6 15. a3 Nf6 16. Be2 Bd7 17. b4 cxb4 18. axb4 {1-0 (37) Bodiroga,P (2439)-Popovic,D (2313) Kragujevac 2000}) 14... Bd7 15. b4 Qc8 16. bxc5 dxc5 17. Bb5 Bxb5 18. Nxb5 a6 19. d6 {d7 is the strong threat.} axb5 20. d7 {[%mdl 64] Double Attack} Qc6 {And now ...Nd6 would win.} 21. d8=Q Rxd8 22. Qxd8 {Strongly threatening Qd5+.} Nd6 23. Qe7 {Hoping for Rfd1.} Re8 24. Qh4 Nxe4 25. Rbc1 (25. Rxb5 $11 Bf6 26. Qg4 Qxb5 27. Qxe4) 25... b6 $15 26. Bh6 Bf6 27. Qg4 Nd6 $1 28. Rcd1 {[#]} (28. Bg5 $15 Bxg5 29. Qxg5) 28... Nf5 $1 $17 {[%cal Rf5h6]} 29. Be3 e4 (29... Ra8 $142 30. Rd2 Ra4) 30. Rd2 Bc3 31. Rc2 {[#]} Bd4 (31... b4 $1 $17 32. Rd1 b5) 32. Bxd4 $1 $11 Nxd4 33. Rd2 Qd5 34. Kh1 Kg7 35. Re1 Re7 36. Re3 Qc4 (36... h5 $15 37. Qc8 Qg8 38. Qxg8+ Kxg8) 37. Rxe4 Rxe4 38. Rc2 $2 {[%mdl 40960] Accuracy: White = 55%, Black = 63%. . An unexpected result.} (38. Qxe4 $11 Qc1+ 39. Kh2 Nf3+ 40. gxf3 Qxd2 {[%mdl 64] Double Attack} 41. Qe7+ Kg8 42. Qe8+ Kg7 43. Qe7+ Kg8 44. Qe6+ Kg7 45. Qe7+) 1/2-1/2

[Event "19th Bangkok Open 2019"]
[Site "Bangkok"]
[Date "2019.04.09"]
[Round "4.7"]
[White "Luong, Phuong Hanh"]
[Black "Kunte, Abhijit"]
[Result "0-1"]
[WhiteElo "2273"]
[BlackElo "2485"]
[Annotator "TA"]
[PlyCount "74"]
[EventDate "2019.04.06"]
[EventType "swiss"]
[EventCountry "THA"]
[SourceTitle "playchess.com"]
[Source "ChessBase"]
[SourceQuality "1"]

{[%evp 10,74,72,61,70,70,70,70,76,66,85,82,83,86,100,99,88,81,93,77,104,83,108,65,68,0,110,0,91,45,38,35,35,0,0,0,0,-23,-19,-19,-8,-29,-22,-12,-6,-23,-42,-112,-116,-116,-115,-114,-109,-109,-110,-115,-122,-116,-116,-289,-289,-689,-691,-1200,-1172,-1036,-972]} 1. d4 Nf6 2. Nf3 c5 3. d5 d6 4. Nc3 e5 5. e4 Be7 6. Bb5+ Nbd7 {A44: Semi-Benoni} 7. a4 O-O 8. O-O Ne8 {White is slightly better.} (8... Kh8 9. Nd2 g6 10. Nc4 Ng8 11. f4 exf4 12. Bxf4 Nb6 13. e5 Nxc4 14. Bxc4 dxe5 15. Bxe5+ {1-0 (44) Aronian,L (2767)-Caruana,F (2822) chess.com INT 2018}) 9. Bd3 a6 10. Nd2 b6 11. Nc4 Bg5 12. Bxg5 $146 ({Predecessor:} 12. g3 Bxc1 13. Qxc1 Rb8 14. Qe3 Ndf6 15. Na3 Nc7 16. Rab1 Bh3 {1-0 (32) Budisavljevic,L (2344)-Petrusic,V (2167) Novi Sad 2018}) 12... Qxg5 13. Qe2 Rb8 14. Ne3 Ra8 15. Kh1 Ndf6 {[%cal Bd7f6,Bf6h5,Bh5f4][%mdl 32]} 16. Nc4 Rb8 17. Ne3 Ra8 $1 18. Nc4 Rb8 $1 19. Nd2 Nc7 20. b3 Nh5 21. Nc4 Nf4 {[%csl Gf4][%cal Rg5g2] [#]} 22. Qf3 Ne8 23. g3 Nxd3 24. Qxd3 Bh3 25. Rg1 Qh5 26. f3 {Strongly threatening g4.} f5 27. Nd2 Nf6 28. Rae1 ({Don't play} 28. Qxa6 fxe4 29. g4 (29. fxe4 $2 Ng4 $19) 29... Qg6 $19) (28. exf5 $15 Bxf5 29. Qxa6) 28... fxe4 $17 29. Ncxe4 Nxe4 30. Qxe4 Bf5 $36 {[%mdl 2048] Keeping White busy.} 31. Qc4 b5 32. axb5 axb5 33. Qc3 {[#] Hoping for g4.} Qf7 34. Rd1 $2 (34. Ne4 $17) 34... Qxd5 $19 35. Ne4 $2 (35. Rge1 Qd4 36. Ne4 Qxc3 37. Nxc3) 35... Bxe4 {Black is clearly winning.} 36. Rxd5 Rxf3 {( -> ...Rf1+)} ({Not} 36... Bxd5 37. Rf1 $11) 37. Rxe5 dxe5 {Accuracy: White = 35%, Black = 85%.} 0-1

[Event "19th Bangkok Open 2019"]
[Site "Bangkok"]
[Date "2019.04.09"]
[Round "4.8"]
[White "Langreck, John"]
[Black "Short, Nigel D"]
[Result "0-1"]
[WhiteElo "2203"]
[BlackElo "2636"]
[Annotator "TA"]
[PlyCount "44"]
[EventDate "2019.04.06"]
[EventType "swiss"]
[EventCountry "THA"]
[SourceTitle "playchess.com"]
[Source "ChessBase"]
[SourceQuality "1"]

{[%evp 14,44,-42,-44,-41,-60,-38,-43,-35,-75,-83,-64,-76,-140,-82,-171,-155,-198,-181,-291,-272,-274,-266,-264,-257,-246,-246,-363,-354,-353,-332,-808,-795]} 1. e4 c5 2. d4 cxd4 3. c3 dxc3 4. Nxc3 e6 5. Nf3 a6 6. Bc4 b5 7. Bb3 Bb7 8. Qe2 Ne7 {B21: Sicilian: 2 f4 and Morra Gambit} 9. O-O Nbc6 10. Bg5 (10. Rd1 Ng6 11. Be3 Na5 12. Rd2 d6 13. Rad1 Rc8 14. Bd4 Nxb3 15. axb3 Qc7 16. Qe3 Ba8 {½-½ (36) Brodda,W (2607)-Lecroq,M (2608) ICCF email 2013}) 10... h6 {Black is slightly better.} 11. Bh4 g5 12. Bg3 Ng6 13. Nd5 {[#]} (13. Rad1 $142) 13... Rc8 ({Don't blunder} 13... exd5 $2 14. exd5+ Nce7 15. d6 $16) (13... d6 $142 $1 {And now ...g4 would win.} 14. e5 dxe5 15. Nxe5 Ncxe5 16. Bxe5 Bxd5 17. Bxh8 Bxb3 18. axb3 Nxh8 19. Rxa6 {[%mdl 64] Remove Defender, Decoy} Rxa6 20. Qxb5+ Ke7 21. Qxa6 Ng6) 14. Qe3 $146 {[#]} (14. h3 $17 {might work better.}) ({Predecessor:} 14. Rac1 g4 15. Nd2 h5 16. f3 h4 {0-1 (45) Kriti,M (1433)-Samant,A (1900) Mumbai 2018}) 14... g4 $1 $36 {[%cal Rg4f3][%mdl 2048] White is under strong pressure.} (14... exd5 15. exd5+ Be7 16. dxc6 $16) 15. Nd2 Nce5 {Threatens to win with ...Bc5.} ({Inferior is} 15... exd5 16. exd5+ Be7 17. Rfe1 $16 (17. dxc6 Rxc6 18. a4 d5 $16)) 16. Nc3 (16. Qa7 {was necessary.} Bc6 17. Rac1) 16... Bc5 17. Qe2 Qg5 18. Kh1 Nf4 19. Bxf4 Qxf4 20. Rac1 (20. g3 $142 Qf6 21. f4 gxf3 22. Nxf3) 20... h5 21. a4 b4 22. Nd1 $2 {[#]} (22. Nd5 exd5 23. g3) 22... Nf3 $1 {[%mdl 512] Accuracy: White = 35%, Black = 83%.} 0-1